| 000 | 00736cam a2200181 i 4500 | ||
|---|---|---|---|
| 005 | 20251228121711.0 | ||
| 008 | 250721s1994 ua gr 000 0 ara d | ||
| 082 | 1 | 4 |
_a218.6 _bو ص ا |
| 100 | 1 |
_aالوصابي، جمال الدين بن عبد الرحمن، _d- 782، _eمؤلف. |
|
| 245 | 1 | 2 |
_aالبركة في فضل السعي والحركة / _cلأبي عبد الله محمد بن عبد الرحمن بن عمر الوصابئ الحبشي. |
| 264 | 3 | 1 |
_aالقاهرة : _bالمكتبة الأزهرية للتراث، _c1994. |
| 300 | _a480 صفحة. | ||
| 650 | 1 | 7 | _aالإسلام. |
| 650 | 1 | 7 | _aالأخلاق. |
| 650 | 1 | 7 | _aالآداب الإسلامية. |
| 942 |
_2ddc _cBK |
||
| 999 |
_c41999 _d41999 |
||